书目信息 |
| 题名: |
凤凰中心数字建造技术应用
|
|
| 作者: | 邵韦平 著 | |
| 分册: | ||
| 出版信息: | 北京 中国建筑工业出版社 2019.12 |
|
| 页数: | 22, 346页 | |
| 开本: | 26cm | |
| 丛书名: | 数字建造 | |
| 单 册: | ||
| 中图分类: | TU248.8-39 | |
| 科图分类: | ||
| 主题词: | 数字技术--shu zi ji shu--应用--电视台--建筑结构--结构设计 | |
| 电子资源: | ||
| ISBN: | 978-7-112-24525-3 | |
| 000 | 01416nam 2200301 450 | |
| 001 | 202021194352 | |
| 005 | 20211025120147.0 | |
| 010 | @a978-7-112-24525-3@b精装@dCNY168.00 | |
| 100 | @a20211004d2019 em y0chiy50 ea | |
| 101 | 0 | @achi |
| 102 | @aCN@b110000 | |
| 105 | @aa z 001yy | |
| 106 | @ar | |
| 200 | 1 | @a凤凰中心数字建造技术应用@Afeng huang zhong xin shu zi jian zao ji shu ying yong@d= The application of digital construction technology to phoenix center@f邵韦平著@zeng |
| 210 | @a北京@c中国建筑工业出版社@d2019.12 | |
| 215 | @a22, 346页@c图 (部分彩图)@d26cm | |
| 225 | 2 | @a数字建造@Ashu zi jian zao@i实践卷 |
| 300 | @a国家出版基金项目 “十三五”国家重点图书出版规划项目 中国工程院重点咨询项目 | |
| 314 | @a邵韦平, 职业建筑师, 教授级高级工程师。 | |
| 320 | @a有索引 | |
| 330 | @a凤凰中心作为《数字建造》丛书的案例卷, 它所记录的凤凰中心的创作之路以及它贡献给社会的文化效应, 将对广大的建筑设计群体具有启发性。凤凰中心通过参数化设计、BIM模型和三维协同等新技术手段, 应对了高难度技术的考验。该书共分6章, 内容包括: 凤凰中心与数字技术 ; 整体数字建构等。 | |
| 410 | 0 | @12001 @a数字建造@i实践卷 |
| 510 | 1 | @aApplication of digital construction technology to phoenix center@zeng |
| 606 | 0 | @a数字技术@Ashu zi ji shu@x应用@x电视台@x建筑结构@x结构设计 |
| 690 | @aTU248.8-39@v5 | |
| 701 | 0 | @a邵韦平@Ashao wei ping@4著 |
| 801 | 0 | @aCN@c20210909 |
| 905 | @a河南城建学院图书馆@dTU248.8-39@eS337 | |
| 凤凰中心数字建造技术应用= The application of digital construction technology to phoenix center/邵韦平著.-北京:中国建筑工业出版社,2019.12 |
| 22, 346页:图 (部分彩图);26cm.-(数字建造.实践卷) |
| 国家出版基金项目 “十三五”国家重点图书出版规划项目 中国工程院重点咨询项目 |
| ISBN 978-7-112-24525-3(精装):CNY168.00 |
| 凤凰中心作为《数字建造》丛书的案例卷, 它所记录的凤凰中心的创作之路以及它贡献给社会的文化效应, 将对广大的建筑设计群体具有启发性。凤凰中心通过参数化设计、BIM模型和三维协同等新技术手段, 应对了高难度技术的考验。该书共分6章, 内容包括: 凤凰中心与数字技术 ; 整体数字建构等。 |
| ● |
| 相关链接 |
|
|
|
正题名:凤凰中心数字建造技术应用
索取号:TU248.8-39/S337
 
预约/预借
| 序号 | 登录号 | 条形码 | 馆藏地/架位号 | 状态 | 备注 |
| 1 | 1543447 | 215434475 | 建筑库101/101建筑库 72排1列2层/ [索取号:TU248.8-39/S337] | 在馆 |